000 00636nam a2200205Ii 4500
003 JO-AjNU
008 230605s9999||||xx |||||||||||||| ||und||
017 _a2014/10/5004
040 _aJO-AjNU
_bara
_erda
_cJO-AjNU
041 _aara
050 1 4 _aRA440.5 2014
100 3 _aاعداد الدفاع المدني ,
_eauthor
_948972
245 0 0 _aموسوعة الاسرة الوقائية
264 3 1 _aعمان :وزارة الثقافة ،2014
300 _a76ص
336 _atext
_btxt
_2rdacontent
337 _aunmediated
_bn
_2rdamedia
338 _avolume
_bnc
_2rdacarrier
650 4 _aالسلامة العامة
_948973
999 _aA21481
_c25049
_d25049